| 000 | 00552nam a2200181 a 4500 | ||
|---|---|---|---|
| 005 | 20250116063825.0 | ||
| 008 | 991125s1970 mx 000 0 spa u | ||
| 035 | _aUPN01000000123 | ||
| 049 | _aCG | ||
| 050 | 4 |
_aLB3525 _bM5.2 |
|
| 245 | 0 | 0 |
_a1970 Año internacional de la educación : _bdiez temas prioritarios. |
| 260 |
_aPátzcuaro, Mich. : _bCREFAL, _c1970. |
||
| 300 | _a218 p. | ||
| 506 | _aTambién disponible en la Colección Medina | ||
| 650 | 4 |
_aEducación _9682 |
|
| 650 | 7 |
_aAño internacional de la educación, 1970 _2 _96482 |
|
| 905 | _aLibro | ||
| 999 |
_c123 _d123 |
||